<The> Relationship of the Minimum Wage and Unemployment in the Slovak Republic

Guardado en:
Detalles Bibliográficos
Autor principal: Sika, Peter, 1975-
Formato: Capítulo de libro
Lenguaje:inglés
Etiquetas: Agregar Etiqueta
Sin Etiquetas, Sea el primero en etiquetar este registro!

MARC

LEADER 00000naa$a2200000$$$4500
001 0221938
005 20240502083549.7
041 0 |a eng 
044 |a HR 
245 1 0 |a <The> Relationship of the Minimum Wage and Unemployment in the Slovak Republic  |c Peter Sika 
500 |a Abstrakt 
100 1 |a Sika, Peter, 1975-